| 000 | 01060njm a22002897a 4500 | ||
|---|---|---|---|
| 005 | 20100916151715.0 | ||
| 006 | a|||||r|||||00| 0 | ||
| 007 | sd ammalaaahaa | ||
| 008 | 100901t xxu||||| |||| 00| 0 eng d | ||
| 028 |
_a45NLP 1016 _bEMI |
||
| 035 | _aGR-02917 | ||
| 040 |
_aSED _cSED |
||
| 100 |
_aBhupinder _917891 |
||
| 245 |
_aGharaonda / _cby Bhupinder; music by Jaidev; lyric by Gulzar _h[Sound recording] |
||
| 246 | _aघरोंदा / भूपिंदर द्वारा | ||
| 260 |
_aDum Dum, India _bEMI _c1978 |
||
| 300 |
_a1 Sound disc [Gramophone Recording] : _banalog, 33 1/3 rpm _c12 in. (LP) _fGramophone Record |
||
| 500 | _aBrief record | ||
| 500 | _aRecord Labels : EMI, Red | ||
| 505 | _aSide-1 (Ek akela is shaher men) (Bhupinder) --Side-2 (Tumhen ho na ho) (Runa Laila) | ||
| 600 |
_aBhupinder _919718 |
||
| 650 |
_aFilm songs _xExcerpts _zIndia _917892 |
||
| 700 |
_aJaidev _920094 |
||
| 700 |
_aGulzar _920346 |
||
| 942 |
_2ddc _cGR |
||
| 999 |
_c46277 _d46277 |
||